| 000 | 00605cab a2200217 4500 | ||
|---|---|---|---|
| 001 | ABS54606 | ||
| 008 | 090401t1996 xxu||||| |||| 00| 0 eng d | ||
| 035 | _a(Sirsi) u11316 | ||
| 041 | _aeng | ||
| 245 | _aContaminated land: a changing landscape | ||
| 260 | _c1996 | ||
| 350 | _a0 | ||
| 490 |
_aEstates Gazette _v(9608) 24 February 1996, 136-138(3) |
||
| 520 | _aDiscusses how best to approach the valuation of contaminated land. | ||
| 650 | _aCONTAMINATED LAND | ||
| 650 | _aNEW RED BOOK | ||
| 650 | _aVALUATION APPROACH | ||
| 690 | _aRATING AND VALUATION | ||
| 942 | _n0 | ||
| 948 | _c04/03/1997 | ||
| 999 |
_c7203 _d7203 |
||